| 000 | 01276nam0a22003611 4500 | ||
|---|---|---|---|
| 001 | RU\NLR\A1SV\135 | ||
| 005 | 20260406091412.0 | ||
| 035 | _a(NLR Aleph) 009686237 | ||
| 090 |
_a9719575 _c9719575 |
||
| 100 | _a19980113d1926 u y0rusy50 ca | ||
| 101 | 0 | _arus | |
| 102 | _aRU | ||
| 200 | 1 |
_aНорма Толмедж _e[Очерк-характеристика] |
|
| 210 |
_aМ. _cКинопечать _d1926 |
||
| 215 |
_a14, [1] с. _cпортр. _d15 см |
||
| 451 | 1 |
_1001RU\NLR\A1SV\136 _99719580 _aАбрамов, А. Н. (кинокритик) _cМ. _d1926 _e[2-е изд.] _fАл. Абрамов _nКинопечать _o[Очерк-характеристика] _p14, [1] с. _tНорма Толмедж |
|
| 517 | 9 | _aТолмедж | |
| 600 | 1 |
_aТолмедж _bН. _f1895-1957 _gНорма |
|
| 620 | _dМосква | ||
| 700 | 1 |
_7ca _8rus _aАбрамов _bА. Н. _cкинокритик _gАлександр Николаевич _92669444 _3RU\NLR\AUTH\770281972 |
|
| 801 | 0 |
_aRU _bNLR _c19980113 |
|
| 899 |
_aРНБ _j41/2818 |
||
| 899 | _aРГБ | ||
| 899 | _aВСИАХМЗ | ||
| 899 | _aКирОУНБ | ||
| 899 | _aБАН | ||
| 899 | _aРГБИ | ||
| 899 | _aРКП | ||
| 899 | _aСамОУНБ | ||
| 942 | _cBOOK | ||
| 980 | _aNB | ||
| 980 | _aA1SV | ||